Every RMC in the US - Images - Statistics

General Stats
  • This quiz has been taken 45 times
  • The average score is 14 of 21
Answer Stats
Picture Answer % Correct
Iron Gwazi
96%
Steel Vengeance
87%
ArieForce One
78%
Joker
74%
RailBlazer
74%
Twisted Timbers
74%
Wildcat's Revenge
74%
Lightning Rod
70%
Wonder Woman Golden Lasso Coaster
70%
Jersey Devil Coaster
65%
Storm Chaser
65%
Stunt Pilot
65%
Twisted Colossus
65%
New Texas Giant
61%
Outlaw Run
61%
Wonder Woman Flight of Courage
61%
Fire In The Hole
57%
Goliath
57%
Wicked Cyclone
57%
Iron Rattler
52%
Twisted Cyclone
52%
No matching quizzes found
Score Distribution
Percent of People with Each Score
Percentile by Number Answered
Your Score History
You have not taken this quiz